Θεόφραστος πατέρας της υλοχρηστικής
Αποθηκεύτηκε σε:
| Κύριος συγγραφέας: | |
|---|---|
| Μορφή: | Βιβλίο |
| Γλώσσα: | Greek English |
| Δημοσίευση: |
Θεσσαλονίκη :
Αριστοτέλειο Πανεπιστήμιο Θεσσαλονίκης,
1997.
|
| Θέματα: | |
| Ετικέτες: |
Προσθήκη ετικέτας
Δεν υπάρχουν, Καταχωρήστε ετικέτα πρώτοι!
|
MARC
| LEADER | 00000cam a2200000 a 4500 | ||
|---|---|---|---|
| 001 | 1/122401 | ||
| 008 | 201214s1997####gr |||||||||||||| ||gre|| | ||
| 040 | |a GR-MyUa |b gre |c GR-MyUa |e AACR2 | ||
| 041 | 1 | |a gre |h eng | |
| 082 | 7 | |a 634.9 |2 (23) | |
| 100 | 1 | |a Τσουμής, Γεώργιος Θωμ., |d 1920-2011. | |
| 245 | 1 | 0 | |a Θεόφραστος |h [ανάτυπο] : |b πατέρας της υλοχρηστικής / |c Γεώργιος Θ. Τσουμής. |
| 260 | |a Θεσσαλονίκη : |b Αριστοτέλειο Πανεπιστήμιο Θεσσαλονίκης, |c 1997. | ||
| 300 | |a 17-63 σ. ; |c 25 εκ. | ||
| 500 | |a Ανάτυπο από την επιστημονική επετηρίδα του τμήματος Δασολογίας και Φυσικού Περιβάλλοντος. Τόμος ΛΖ/1994. Αφιέρωμα στον ομότιμο καθηγητή Γεώργιο Θ. Τσουμή = Reprint of Scientific Annals of the Department of Forestry and Natural Environment .Volume 37/1994. Dedecated to emeritus professor George Th. Tsoumis. Δίγλωσσο άρθρο, ελληνικά και αγγλικά. | ||
| 504 | |a Περιλαμβάνει βιβλιογραφικές παραπομπές. | ||
| 600 | 0 | 0 | |a Θεόφραστος, |d π. 372-287. |
| 650 | 0 | |a Forest plants |x Utilization. | |
| 852 | |a INST |b LESVOS |e 20201214 |h 634.9 ΤΣΟ |p 005100062175 |q 005100062175 |t BK |y 0 | ||
| 970 | |a Καμάτσου |b Δέσποινα |z 14-12-2020 | ||